000 00856cam a22001814a 4500
005 20250605164402.0
008 250528s ||||||||||||||||||||||||d
035 _a24663
040 _aGR-AtMCL
_bgre
_dGR-AtMCL
_eAACR2
245 1 _aΘα Επιστρέψει σε Ανάκαμψη το 2021-22 η Ασφαλιστική Αγορά
260 _bMorax Media S.A,
_c2020
300 _a72
520 _aΜονόδρομος η Τεχνολογική Καινοτομία, Η ΑΙ θα Χτυπήσει την Αγορά Υπηρεσιών σαν Τσουνάμι, Τα Ανασφάλιστα και τα Κορόιδα της Παρέας, Πρωταγωνιστές οι Άνθρωποι στην Ψηφιακή Εποχή.
700 1 _aΜωράκης Φίλιππος
_99500
942 _cCR
999 _c9530
_d9530